000 00517cam a2200157u 4500
001 000014027
005 20200929163437.0
008 850510s1933 ht 000 0 fre
040 _aDO-SdBNP
_bspa
_cBNPHU
100 1 _aJean-Jacques, Thales.
_931756
245 1 0 _aHistoire du droit haitien /
_cThales Jean-Jacques.
260 _aPort-au-Prince, Haiti :
_b[Imprimerie N. Telhomme],
_c1933.
300 _a908, 40 p. ;
_c26 cm.
740 0 _aHypotheque legale de la femme mariee.
910 _aCatalogación por copia / LC
999 _c13630
_d13630